Đánh giá đa dạng di truyền nguồn gen cây mãng cầu ta (Annona squamosa L.) tại tỉnh Bà Rịa - Vũng Tàu : Luận văn tốt nghiệp Cao học. Chuyên ngành Di truyền và Chọn giống cây trồng
Điều tra, thu thập nguồn gen cây mãng cầu ta tại tỉnh Bà Rịa - Vũng Tàu, mô tả đặc điểm nguồn gen cây mãng cầu ta sau thu thập, đánh giá đa dạng di truyền nguồn gen mãng cầu ta bằng chỉ thị ISSRs kết hợp với đặc điểm hình thái, nông học....
Đã lưu trong:
| Príomhúdar: | |
|---|---|
| Formáid: | Leabhar |
| Teanga: | Undetermined |
| Foilsithe: |
Cần Thơ
Trường Đại học Cần Thơ
2018
|
| Ábhair: | |
| Clibeanna: |
Cuir Clib Leis
Gan Chlibeanna, Bí ar an gcéad duine leis an taifead seo a chlibeáil!
|
| Thư viện lưu trữ: | Trung tâm Học liệu Trường Đại học Cần Thơ |
|---|
| LEADER | 01188nam a2200205Ia 4500 | ||
|---|---|---|---|
| 001 | CTU_227620 | ||
| 008 | 210402s9999 xx 000 0 und d | ||
| 082 | |a 634.41 | ||
| 082 | |b V500 | ||
| 100 | |a Nguyễn, Tuấn Vũ | ||
| 245 | 0 | |a Đánh giá đa dạng di truyền nguồn gen cây mãng cầu ta (Annona squamosa L.) tại tỉnh Bà Rịa - Vũng Tàu : | |
| 245 | 0 | |b Luận văn tốt nghiệp Cao học. Chuyên ngành Di truyền và Chọn giống cây trồng | |
| 245 | 0 | |c Nguyễn Tuấn Vũ ; Huỳnh Kỳ (Cán bộ hướng dẫn) | |
| 260 | |a Cần Thơ | ||
| 260 | |b Trường Đại học Cần Thơ | ||
| 260 | |c 2018 | ||
| 520 | |a Điều tra, thu thập nguồn gen cây mãng cầu ta tại tỉnh Bà Rịa - Vũng Tàu, mô tả đặc điểm nguồn gen cây mãng cầu ta sau thu thập, đánh giá đa dạng di truyền nguồn gen mãng cầu ta bằng chỉ thị ISSRs kết hợp với đặc điểm hình thái, nông học. | ||
| 650 | |a Họ na,Annonaceae | ||
| 910 | |b nthai | ||
| 980 | |a Trung tâm Học liệu Trường Đại học Cần Thơ | ||